000 01047nam a2200229Ia 4500
003 Ost
005 20260507075151.0
008 260507s9999||||xx |||||||||||||| ||und||
020 _a94852499579
040 _cfsecg
041 _aara
082 _a330
100 _aابو طربوش، رائد محمود
_eمؤلف
245 0 _aالاحتيال و البورصة العالمية /
_c رائد محمود ابو طربوش
260 _aعمان:
_bدار صفاء,
_c2010
300 _a208 صفحة؛
_bإيضاحات ؛
_c24 سم
520 _aالبوصة العالمية ، التحليل الأساسي و التحليل التقني ، المبادئ التي يقوم عليها التحليل الفني ، المؤشرات الانتاجية ، مؤشرات العمالة و مؤشرات الاستثمار ، الشمةع اليابانية مع وجود مصطلحات اقتصادية
653 _aالإحتيال
653 _aالاسواق المالية
653 _aجرائم الأموال
942 _cكتاب
999 _c43340
_d43340